Cantal - mort subite - Statistiques

Statistiques générales
  • Ce quiz a été pris 41 fois
  • Le résultat moyen est 11 sur 18
Answers on the Grid
Answers color-coded by a green-red scale on the quiz's grid according to % correct below.
Cadillac
Bergerac
Aurillac
Mauriac
Liberec
Le viaduc de Garabit
Des fromageries de Bleu d'Auvergne
Saint-Flour
Le Plomb du Cantal
La Dordogne
Chapelle-lez-Herlaimont
Une mine d'antimoine
Une gare TGV
La Rochefoucauld
Campeche
Béchar
La Part-Dieu
Puy Mary
Bago
Pacet
Ytrac
Villebon-sur-Yvette
Un aéroport
Une carrière de chaux
Les Cantalous
Barbezieux-St-Hilaire
Mainvilliers
Les Monts Dore
Des circaètes Jean-le-Blanc
Subotica
Bouaflé
Arpajon-sur-Cère
Imus
Riom-ès-Montagnes
Baranavitchy
Quézac
 
Statistiques - réponses
Réponse % Correct
Aurillac
85%
Montagne, 1858 m Le Plomb du Cantal
79%
Saint-Flour
79%
Mauriac
76%
Puy Mary
76%
Conçu par Gustave Eiffel Le viaduc de Garabit
73%
Des fromageries de Bleu d'Auvergne
70%
Les habitants Les Cantalous
70%
Riom-ès-Montagnes
64%
Arpajon-sur-Cère
61%
Ytrac
55%
Une carrière de chaux
45%
Des circaètes Jean-le-Blanc
42%
Quézac
42%
Une mine d'antimoine
42%
Aurillac-Tronquières Un aéroport
39%
La Dordogne
36%
Les Monts Dore
24%
Aucun quiz correspondant
Distribution des résultats
% des personnes avec chaque résultat
Percentile par nombre de réponses
Votre historique - résultats
Vous n’avez pas pris ce quiz